000 00632cam a22002173a 4500
001 35909
003 PGUSA
005 20140828083755.0
008 110419s2011||||xxu|||||s|||||000 | eng d
040 _aPGUSA
_beng
042 _adc
100 1 _aEastman, Elaine Goodale,
_d1863-1953
245 1 0 _aIndian Legends Retold
_h[electronic resource] /
_cElaine Goodale Eastman
260 _bProject Gutenberg,
_c2011
506 _aPublic domain in the USA.
516 _aElectronic text
700 1 _aVarian, George,
_d1865-1923
830 0 _aProject Gutenberg
_v35909
856 4 0 _uhttp://www.gutenberg.org/ebooks/35909
942 _cEB
999 _c265164
_d265164